|
|
|
|
| LEADER |
01066nam a2200277 u 4500 |
| 001 |
10023159 |
| 003 |
upatras |
| 005 |
20240227124034.0 |
| 008 |
990123s1997 us eng |
| 020 |
|
|
|a 0471145661
|
| 040 |
|
|
|a GR-PaULI
|c GR-PaULI
|
| 041 |
0 |
|
|a eng
|
| 082 |
0 |
4 |
|a 701.85
|
| 100 |
1 |
|
|a Kuehni, Rolf G.
|9 148957
|
| 245 |
1 |
0 |
|a Color
|b an introduction to practice and principles
|c Rolf G. Kuehni
|
| 260 |
|
|
|a New York
|b John Wiley & Sons, Inc.
|c 1997
|
| 300 |
|
|
|a vii, 186 p.
|b fig.
|c 25 cm.
|
| 500 |
|
|
|a "A Wiley-Interscience publication."
|
| 504 |
|
|
|a Includes glossary, notes and index
|
| 650 |
|
4 |
|a Χρώμα
|x Αισθητική
|9 6307
|
| 650 |
|
4 |
|a Τέχνη
|x Αισθητική
|9 6532
|
| 852 |
|
|
|a GR-PaULI
|b ΠΑΤΡΑ
|b ΒΚΠ
|b ΒΣ1
|k ΑΣΧΞ
|h 701.85 Κ
|m 045402
|p 025000058767
|t 1
|
| 942 |
|
|
|2 ddc
|c BK15
|
| 952 |
|
|
|0 0
|1 0
|4 0
|6 701_850000000000000_Κ
|7 0
|9 189330
|a LISP
|b LISP
|c BSC
|d 2016-04-24
|i 045402
|l 1
|o 701.85 Κ
|p 025000058767
|r 2020-01-22 00:00:00
|s 2019-12-10
|t 1
|w 2016-04-24
|y BK15
|
| 998 |
|
|
|c ΠΑΝΑΓΟΠΟΥΛΟΥ
|d 1999-07
|
| 999 |
|
|
|c 116631
|d 116631
|